The Hydrangea People (Record no. 940)

000 -LEADER
fixed length control field 00649nam a22002297a 4500
003 - CONTROL NUMBER IDENTIFIER
control field OSt
005 - DATE AND TIME OF LATEST TRANSACTION
control field 20210426105322.0
008 - FIXED-LENGTH DATA ELEMENTS--GENERAL INFORMATION
fixed length control field 210127s2002 ||||| |||| 00| 0 eng d
020 ## - INTERNATIONAL STANDARD BOOK NUMBER
International Standard Book Number 0972541918
040 ## - CATALOGING SOURCE
Original cataloging agency eng
Language of cataloging eng
Transcribing agency DLC
041 ## - LANGUAGE CODE
Language code of text/sound track or separate title eng
080 ## - UNIVERSAL DECIMAL CLASSIFICATION NUMBER
Universal Decimal Classification number 821.111
Item number G-40
100 ## - MAIN ENTRY--PERSONAL NAME
9 (RLIN) 689
Personal name Gershon, Charles
245 ## - TITLE STATEMENT
Title The Hydrangea People
Remainder of title : A Novel
Statement of responsibility, etc. / by: Mose Cade Books
250 ## - EDITION STATEMENT
Edition statement 1st edition
260 ## - PUBLICATION, DISTRIBUTION, ETC.
Place of publication, distribution, etc. Asheville, North Carolina
Name of publisher, distributor, etc. Mose Cade Books
Date of publication, distribution, etc. 2002
300 ## - PHYSICAL DESCRIPTION
Extent 221 p.
365 ## - TRADE PRICE
Price amount 22.95 usd
650 #0 - SUBJECT ADDED ENTRY--TOPICAL TERM
9 (RLIN) 247
Topical term or geographic name entry element English literature
653 ## - INDEX TERM--UNCONTROLLED
Uncontrolled term ინგლისური ლიტერატურა
942 ## - ADDED ENTRY ELEMENTS (KOHA)
Source of classification or shelving scheme
Koha item type Books
Edition 1
Holdings
Withdrawn status Lost status Source of classification or shelving scheme Damaged status Not for loan Permanent location Current location Date acquired Inventory number Total Checkouts Full call number Barcode Date last seen Price effective from Koha item type
          Ken Walker International University Ken Walker International University 01/27/2021 2445   821.111 G-40 2445 01/27/2021 01/27/2021 Books

Powered by Koha